| 000 | 00336nam a2200109Ia 4500 | ||
|---|---|---|---|
| 008 | 230907s9999||||xx |||||||||||||| ||und|| | ||
| 082 |
_a658.2 _bWOO |
||
| 100 |
_aWoodroof, Eric _9118028 |
||
| 245 |
_aGreen facilities handbook : simple and profitable strategies for managers / _cEric Woodroof. |
||
| 260 | _c2019-09-27 | ||
| 942 |
_2ddc _cEB |
||
| 999 |
_c599633 _d599633 |
||